ბათუმის შოთა რუსთაველის სახელმწიფო უნივერსიტეტის ბიბლიოთეკა

ველოსიპედისტის ბედი (ბიბ.ჩანაწერი № 49749)

000 -LEADER
fixed length control field 00742nam a2200217Ia 4500
001 - CONTROL NUMBER
control field 16684
003 - CONTROL NUMBER IDENTIFIER
control field GE_BSU
008 - FIXED-LENGTH DATA ELEMENTS--GENERAL INFORMATION
fixed length control field 181216s||||||||xx |||||||||||||| ||und||
040 ## - CATALOGING SOURCE
Transcribing agency GE_BSU
100 ## - MAIN ENTRY--PERSONAL NAME
Personal name კულეშოვი, ალექსანდრე
245 ## - TITLE STATEMENT
Title ველოსიპედისტის ბედი
245 ## - TITLE STATEMENT
Remainder of title მოთხრობა
245 ## - TITLE STATEMENT
Statement of responsibility, etc. რედ.გ.კუბლაშვილი. მხ.დ.გრიგოლია
260 ## - PUBLICATION, DISTRIBUTION, ETC.
Place of publication, distribution, etc. თბილისი
260 ## - PUBLICATION, DISTRIBUTION, ETC.
Name of publisher, distributor, etc. საბჭ. საქართველო
260 ## - PUBLICATION, DISTRIBUTION, ETC.
Date of publication, distribution, etc. 1969
300 ## - PHYSICAL DESCRIPTION
Extent 265გვ. ; 17სმ
653 ## - INDEX TERM--UNCONTROLLED
Uncontrolled term ველოსიპედისტის ბედი
653 ## - INDEX TERM--UNCONTROLLED
Uncontrolled term მოთხრობა
942 ## - ADDED ENTRY ELEMENTS (KOHA)
Koha item type წიგნი
ეგზემპლარები
Withdrawn status Lost status Damaged status Not for loan Date acquired Barcode Date last seen Price effective from Koha item type
        2018-12-17 21342 2018-12-17 2018-12-17 წიგნი
        2018-12-17 21343 2018-12-17 2018-12-17 წიგნი
        2018-12-17 21344 2018-12-17 2018-12-17 წიგნი
        2018-12-17 21345 2018-12-17 2018-12-17 წიგნი
        2018-12-17 21346 2018-12-17 2018-12-17 წიგნი
        2018-12-17 21347 2018-12-17 2018-12-17 წიგნი
        2018-12-17 21348 2018-12-17 2018-12-17 წიგნი